Bundesland nach Emojis - Statistiken

Allgemein
  • Dieses Quiz wurde 200 mal gespielt
  • Das Durchschnittsergebnis liegt bei 7 aus 16
Antwortstatistiken
Hint Antwort % Korrekt
🐻​🏙️​🇩🇪​ Berlin
84%
🍻​🏔️​🏰​ Bayern
80%
​🚟​🏭​⚒️​ Nordrhein-Westfalen
71%
⚓​🚢​🪗​ Hamburg
63%
🏙️​💶​🏕️​ Hessen
58%
🌊​🌊​🛳️​ Schleswig-Holstein
50%
🌅​🏖️​🪨​ Mecklenburg-Vorpommern
46%
🌳​🦢​🥒​ Brandenburg
45%
🏞️​🚗​🍇​ Baden-Württemberg
40%
🐴​🌾​🏖️​ Niedersachsen
40%
​🌲​🍷​🏛️​ Rheinland-Pfalz
40%
🚢​🍺​⚽​ Bremen
34%
​🏰​⛰️​📜​ Thüringen
21%
🏰​📚​🎼​ Sachsen
17%
​🏭​🔧​🌳​ Saarland
15%
🏕️​🏞️​🧪​ Sachsen-Anhalt
6%
Keine übereinstimmenden Quizze gefunden
Verteilung der Resultate
Anzahl Personen mit jedem Resultat
Perzentil nach korrekt beantworteten Fragen
Ihre Resultats-Entwicklung
Sie haben dieses Quiz noch nicht gespielt